| 000 | 00723nam a2200229Ia 4500 | ||
|---|---|---|---|
| 003 | GCL | ||
| 008 | 140319s9999 xx 000 0 ara d | ||
| 040 |
_aGCL / _cGCL |
||
| 082 | 0 | 4 |
_aط _b781.91 _bر م |
| 100 | 1 | _aرتيبة الحفنى | |
| 245 | 1 | 0 |
_aالالات الوترية 12 / _cرتيبة الحفنى |
| 260 |
_a[S.N] : _bمكتبة القاهرة |
||
| 300 | _a16 ص | ||
| 490 |
_aالموسوعة الموسيقية الميسرة _v0 |
||
| 650 | 0 | 4 | _aالموسيقى |
| 650 | 0 | 4 | _aالاوراق المالية |
| 650 | 0 | 4 | _aالالات الموسيقية |
| 650 | 0 | 4 | _aالاوركسترا |
| 650 | 0 | 4 | _aموسيقى الجاز |
| 650 | 0 | 4 | _aالاشكال الموسيقية |
| 942 |
_2ddc _cBK |
||
| 999 |
_c56464 _d56464 |
||